MARC

LEADER 00000nam0a2200000 4500
001 66907
005 20231101212303.0
035 |a (RuTPU)RU\TPU\book\71229 
090 |a 66907 
100 |a 20040909d1961 m y0rusy50 ca 
101 0 |a ger 
102 |a RU 
105 |a a j 000zy 
200 1 |a Хрестоматия по электротехнике на немецком языке  |f В. В. Ардова 
210 |a Москва  |c Высшая школа  |d 1961 
215 |a 100 с.  |c ил. 
225 1 |a Пособие для студентов изучающих иностранный язык 
606 |a Немецкий язык  |x Для вузов  |x Учебные руководства и пособия. Хрестоматии. Книги для чтения  |2 stltpush  |3 (RuTPU)RU\TPU\subj\45401  |9 64643 
610 1 |a электротехника 
610 1 |a тексты 
610 1 |a термины 
610 1 |a хрестоматии 
686 |a Ш143.24-923.8  |2 rubbk 
700 1 |a Ардова  |b В. В.  |g Вера Владимировна 
801 1 |a RU  |b 63413507  |c 20040909  |g PSBO 
801 2 |a RU  |b 63413507  |c 20180109  |g PSBO 
942 |c BK